Proyecto a nivel de prefactibilidad para la implementación de la crianza de ganado en régimen estabulado en la finca experimental de la carrera ingeniería agrícola
Presenta una propuesta de desarrollo a largo plazo mediante la implementación de un sistema de explotación para ganado estabulado de doble propósito que permita en primer lugar alcanzar sostenibilidad económica en la finca experimental. Que además, permita financiar laboratorios, prácticas e i...
| Main Author: | |
|---|---|
| Other Authors: | |
| Format: | Tesis Section = Libro |
| Language: | Undetermined Spanish |
| Published: |
Managua
UNI
2009
|
| Subjects: |
| LEADER | 01317nam a2200241Ia 4500 | ||
|---|---|---|---|
| 008 | 240830s9999 xx 000 0 und d | ||
| 040 | |a BIBLIOTECA-RUPAP Mon 636.213 S693 | ||
| 041 | |a spa | ||
| 082 | |a Mon 636.213 S693 | ||
| 100 | 1 | |a Somarriba Lezama, Edgar Gerardo | |
| 245 | 1 | 0 | |a Proyecto a nivel de prefactibilidad para la implementación de la crianza de ganado en régimen estabulado en la finca experimental de la carrera ingeniería agrícola |
| 260 | |a Managua |b UNI |c 2009 | ||
| 300 | |a 122 p. :il. | ||
| 500 | |a Contiene: anexos. | ||
| 502 | |a Tesis (Ingeniero Agrícola)- UNI, 2009. | ||
| 520 | 3 | |a Presenta una propuesta de desarrollo a largo plazo mediante la implementación de un sistema de explotación para ganado estabulado de doble propósito que permita en primer lugar alcanzar sostenibilidad económica en la finca experimental. Que además, permita financiar laboratorios, prácticas e investigaciones tanto a los estudiantes de la carrera de ingeniería agrícola, como a otras carreras afines como la Ingeniería Química, la Ingeniería Industrial y la Ingeniería Eléctrica. | |
| 650 | 7 | |a CRIANZA DE GANADO – PROYECO | |
| 650 | 7 | |b GANADO VACUNO | |
| 650 | 7 | |c GANADO BOVINO | |
| 700 | 1 | |a Tutor: |b Gonzales Murillo, Manuel | |
| 942 | |c BK |2 ddc | ||
| 991 | |a TESIS | ||
| 999 | |c 16794 | ||